000 00771cab a2200241 4500
001 ABS59766
008 090401t1998 xxu||||| |||| 00| 0 eng d
035 _a(Sirsi) u90214
041 _aeng
100 _aLeech, A.
245 _aSparky homes
260 _c1998
350 _a0
490 _aHouse Builder
_vDecember 1998, 41-42(2)
520 _aDiscussion on the introduction of new wiring techniques and systems to automate certain household features to create the "Smart Home". Includes information on the latest electrical technology and products.
650 _aAUTOMATION
650 _aELECTRICAL WIRING
650 _aES59004:1998
650 _aHOUSE BUILDING
690 _aBUILT ENVIRONMENT-CONSTRUCTION DESIGN
942 _n0
948 _c09/12/1998
999 _c57164
_d57164